000 00443nam a2200181Ia 4500
001 22504
005 20260414150835.0
008 260414t2004||||xx |||||||||||||| ||spa||
041 _aESP
082 _a621.382
_bB61
100 _aBlake, Roy
_eAUT
245 0 _aSistemas electrónicos de comunicaciones
_b
260 _c2004
300 _axvii, 985 páginas :
_cil, gráfs.
650 _aTCA
654 _aCET
942 _cLIB
_dJUS
_fJUS
_2ddc
_n
999 _c22504
_d22504